000 01981agaaa2200337 4500
001 7468
003 IT-RoPAU
005 20220918181249.0
007 d cvaizq
008 50131s9999||||xx ||| | || ||und||
040 _aIT-RoPAU
_cIT-RoPAU
041 _aITALIANO
100 _aBresson Robert
_gCodice regista SPICS: 8815
_948206
130 _aLANCILLOTTO E GINEVRA
_948207
240 _aLANCELOT DU LAC
_gT1215
245 _aLANCILLOTTO E GINEVRA
_cProdotto da: Yanne J. Rassam J.P. -- Sceneggiatura: Bresson Robert -- Diretto da: Bresson Robert
_pLANCILLOTTO E GINEVRA (Rif. Codice opera principale : H7468)
246 _aLANCELOT DU LAC
250 _aEdizione Standard
260 _aPARIGI (FRANCIA)
_bMARA FILM - LASER P. - ORTF - GERICO S / Distribuzione: MULTIMEDIA SAN PAOLO
_g"1974 (1° ed.: 2007 ; Ed. Lingua Orig.: 1074)"
300 _aDVD
_bsonoro, col.
_c80 minuti
508 _a"Fotografia: De Santis Pasqualino; Montaggio: Lamy Germaine; Musica: Sarde Philippe; Sceneggiatura: Bresson Robert; Scenografia: Charbonnier Pierre; "
511 _a"Simon Luc; Duke; Condominas Lara; De; Montalembert Arthur; Bernhard Patrick; Balsam Ch"
520 _a"TORNATO SENZA IL GRAAL, LANCILLOTTO VUOLE RAPIRE GINEVRA DI CUI SI E' INVAGHITO. COSI' FACENDO SI METTE CONTRO I SUOI VECCHI COMPAGNI D'ARME... QUESTO FILM E' UNA VERA METAFORA DELL'INFELICITA' DELL'UOMO CHE A CAUSA DEI SUOIPECCATI HA PERDUTO LA GRAZIA. PREMIO FIPRESCI AL FESTIVAL DI CANNES 1974. CONTRIBUTI EXTRA: ROBERT BRESSON DI PINO FARINOTTI; BIOGRAFIA E FILMOGRAFIAESSENZIALE DEL REGISTA; SCHEDA CRITICA DI E.G. FAVA."
538 _aPAL, STEREO
546 _aITALIANO
650 _aDRAMMATICO
_eDVD-FILM [DVD]
_xCodice MATERIA SPICS: 9947
_948208
700 _aBresson Robert
_e(regista)
_gCodice regista SPICS: 8815
_948209
700 _aMalory Thomas
_e(soggetto)
_gCodice Soggetto SPICS: 38643
_948210
700 _aSarde Philippe
_e(musica)
_gCodice Musica SPICS: 11145
_948211
942 _cDV
_2ddc
999 _c106688
_d106688